Lão Tử đạo đức kinh
Những nét cơ bản về đời sống của Lão tử: quê quán, tên họ, chức tước... Nội dung và hình thức các tác phẩm của Lão Tử. Các học thuyết cơ bảnvề Đạo và Đức, tính cách và qui luật của đạo, Đạo ở đời, Đạo trị nước
Spremljeno u:
| Glavni autor: | |
|---|---|
| Format: | Knjiga |
| Jezik: | Vietnamese |
| Izdano: |
H.
Văn hoá
1998
|
| Teme: | |
| Oznake: |
Dodaj oznaku
Bez oznaka, Budi prvi tko označuje ovaj zapis!
|
| Thư viện lưu trữ: | Mạng thư viện Đại học Đà Nẵng |
|---|
| LEADER | 01381nam a22003618a 4500 | ||
|---|---|---|---|
| 001 | 000006850 | ||
| 003 | 3010 | ||
| 005 | 20110927140917.0 | ||
| 008 | 110922s1998 b 000 0 od | ||
| 020 | |c 24000đ |d 1000b | ||
| 041 | 0 | |a 9408 | |
| 041 | 0 | |a vie | |
| 080 | |a 1T3.9 | ||
| 082 | |a 181 |b NG-L | ||
| 084 | |a Y3(5Trq)3 |b L000ã | ||
| 100 | 1 | |a Nguyễn Hiến Lê | |
| 245 | 1 | 0 | |a Lão Tử đạo đức kinh |c Nguyễn Hiến Lê chú dịch và giới thiệu |
| 260 | |a H. |b Văn hoá |c 1998 | ||
| 300 | |a 276tr |c 21cm | ||
| 520 | |a Những nét cơ bản về đời sống của Lão tử: quê quán, tên họ, chức tước... Nội dung và hình thức các tác phẩm của Lão Tử. Các học thuyết cơ bảnvề Đạo và Đức, tính cách và qui luật của đạo, Đạo ở đời, Đạo trị nước | ||
| 653 | |a triết học cổ đại | ||
| 653 | |a Trung Quốc | ||
| 653 | |a Lão Tử | ||
| OWN | |a LSP | ||
| AVA | |a UDN50 |b LSP |d 181 NG-L |e available |t Error 5001 Not defined in file expand_doc_bib_avail. |f 9 |g 0 |h N |i 1 |k 1 | ||
| 999 | |a From the UDN01 | ||
| AVA | |a UDN50 |b LSP |d 181 NG-L |e available |t Error 5001 Not defined in file expand_doc_bib_avail. |f 9 |g 0 |h N |i 1 |k 1 | ||
| TYP | |a Monograph | ||
| TYP | |a Printed language | ||
| 980 | |a Mạng thư viện Đại học Đà Nẵng | ||